Fr. Conceicao Rodrigues College of Engineering

Barrons I Choice (Record no. 23498)

MARC details
000 -LEADER
fixed length control field 00291nam a2200157Ia 4500
082 ## - DEWEY DECIMAL CLASSIFICATION NUMBER
Classification number 658
Item number JAF
100 ## - MAIN ENTRY--PERSONAL NAME
Personal name GMAT
250 ## - EDITION STATEMENT
Edition statement 8
245 ## - TITLE STATEMENT
Title Barrons I Choice
260 ## - PUBLICATION, DISTRIBUTION, ETC.
Name of publisher, distributor, etc. Galgotia
Date of publication, distribution, etc. 1990
300 ## - PHYSICAL DESCRIPTION
Extent 535
546 ## - LANGUAGE NOTE
Language note ENGLISH
654 ## - SUBJECT ADDED ENTRY--FACETED TOPICAL TERMS
Focus term Barrons
942 ## - ADDED ENTRY ELEMENTS (KOHA)
Koha item type BOOK
Holdings
Withdrawn status Lost status Damaged status Not for loan Collection Home library Current library Date acquired Total Checkouts Full call number Barcode Date last seen Price effective from Koha item type
        CRC Fr. Agnel's C.Rodrigues College of Engineering Fr. Agnel's C.Rodrigues College of Engineering 17/03/2023   658 JAF 10777 17/03/2023 17/03/2023 BOOK